000 00320pam a2200133a 44500
008 230405s2005 xxu||||| |||| 00| 0 eng d
041 _aENG
100 _aBECKETT / STENLAKE
245 _aPRACTICAL PHARMACEUTICAL CHEMISTRY
250 _a4
260 _a
_bCBS PUBLISHERS DELHI
_c2005
300 _a326
906 _a4937
999 _c270376
_d270376